| 000 | 00787nam a2200229Ia 4500 | ||
|---|---|---|---|
| 003 | OSt | ||
| 005 | 20220923212046.0 | ||
| 006 | a|||||r|||| 00| 0 | ||
| 007 | ta | ||
| 008 | 220922b |||||||| |||| 00| 0 hin d | ||
| 024 | _a150,414 | ||
| 037 | _cTextual | ||
| 040 |
_aARTS _cARTS _bhin |
||
| 041 |
_2hin _ahin |
||
| 082 | _aD::2, 152K8.1 | ||
| 100 |
_aसाहनी, प्रीतमदास बूलचन्द _9162028 |
||
| 245 | 0 | _aआधुनिक सर्वेक्षण, कुलदीप प्रकाश शर्मा | |
| 246 | _aĀdhunik sarvekṣhaṇa, kuladīp prakāsh sharmā | ||
| 260 | _c1968 | ||
| 942 |
_hD::2, 152K8.1 _cTEXL _2CC |
||
| 999 |
_c306094 _d306094 |
||